<?xml version="1.0" encoding="UTF-8"?><?xml-stylesheet type="text/xsl" href="static/style.xsl"?><OAI-PMH xmlns="http://www.openarchives.org/OAI/2.0/" xmlns:xsi="http://www.w3.org/2001/XMLSchema-instance" xsi:schemaLocation="http://www.openarchives.org/OAI/2.0/ http://www.openarchives.org/OAI/2.0/OAI-PMH.xsd"><responseDate>2026-04-17T14:42:55Z</responseDate><request verb="GetRecord" identifier="oai:www.recercat.cat:2072/477757" metadataPrefix="marc">https://recercat.cat/oai/request</request><GetRecord><record><header><identifier>oai:recercat.cat:2072/477757</identifier><datestamp>2024-11-04T08:33:32Z</datestamp><setSpec>com_2072_98</setSpec><setSpec>col_2072_378192</setSpec></header><metadata><record xmlns="http://www.loc.gov/MARC21/slim" xmlns:dcterms="http://purl.org/dc/terms/" xmlns:xsi="http://www.w3.org/2001/XMLSchema-instance" xmlns:doc="http://www.lyncode.com/xoai" xsi:schemaLocation="http://www.loc.gov/MARC21/slim http://www.loc.gov/standards/marcxml/schema/MARC21slim.xsd">
   <leader>00925njm 22002777a 4500</leader>
   <datafield ind2=" " ind1=" " tag="042">
      <subfield code="a">dc</subfield>
   </datafield>
   <datafield ind2=" " ind1=" " tag="720">
      <subfield code="a">Puigsech Farràs, Josep</subfield>
      <subfield code="e">author</subfield>
   </datafield>
   <datafield ind2=" " ind1=" " tag="260">
      <subfield code="c">2023</subfield>
   </datafield>
   <datafield ind2=" " ind1=" " tag="520">
      <subfield code="a">La línea política que estableció el VII Congreso de la Internacional Comunista generó un impacto profundo sobre las relaciones bilaterales entre la República Española y la Unión de Repúblicas Socialistas Soviéticas durante la Guerra Civil Española. En este caso, es elocuente el ejemplo monográfico de las Brigadas Internacionales, siendo una señal de la transformación de la lógica defensiva del VII Congreso de la Internacional Comunista en una lógica ofensiva. El contexto de inicio de la Guerra Civil Española supuso un cambio de escenario para la lógica del VII Congreso de la Internacional Comunista, cuya respuesta más emblemática desde un punto de vista simbólico fue la creación y gestión de las Brigadas Internacionales. Las autoridades directivas de la Inter- nacional Comunista, así como las autoridades republicanas españolas, tuvieron que afrontar una compleja red de equilibrios para mantener unas relaciones bilaterales entre la República Española y la URSS en las que la presencia de las Brigadas Internacionales no fuese percibida como un elemento de injerencia de la URSS en la evolución política y militar de la República Española.</subfield>
   </datafield>
   <datafield ind2=" " ind1=" " tag="520">
      <subfield code="a">The political line established by the VII Congress of the Communist International had a profound impact on the bilateral relations between the Spanish Republic and the Union of Soviet Socialist Republics during the Spanish Civil War. In this case, the monographic example of the International Brigades is eloquent, being a sign of the transformation of the defensive logic of the VII Congress of the Communist International into an offensive logic. The context of the start of the Spanish Civil War meant a change of scenery for the logic of the VII Congress of the Communist International, whose most emblematic response from a symbolic point of view was the creation and management of the International Brigades. The directive authorities of the Communist International, as well as the Spanish republican authorities, had to face a complex network of balances to maintain bilateral relations between the Spanish Republic and the USSR so that the presence of the International Brigades was not perceived as an element of interference of the USSR in the political and military evolution of the Spanish Republic.</subfield>
   </datafield>
   <datafield ind1="8" ind2=" " tag="024">
      <subfield code="a">http://hdl.handle.net/2072/477757</subfield>
   </datafield>
   <datafield tag="653" ind2=" " ind1=" ">
      <subfield code="a">República Española</subfield>
   </datafield>
   <datafield tag="653" ind2=" " ind1=" ">
      <subfield code="a">URSS</subfield>
   </datafield>
   <datafield tag="653" ind2=" " ind1=" ">
      <subfield code="a">Guerra Civil Española</subfield>
   </datafield>
   <datafield tag="653" ind2=" " ind1=" ">
      <subfield code="a">Relaciones bilaterales</subfield>
   </datafield>
   <datafield tag="653" ind2=" " ind1=" ">
      <subfield code="a">Brigadas Internacionales</subfield>
   </datafield>
   <datafield tag="653" ind2=" " ind1=" ">
      <subfield code="a">Spanish Republic</subfield>
   </datafield>
   <datafield tag="653" ind2=" " ind1=" ">
      <subfield code="a">USSR</subfield>
   </datafield>
   <datafield tag="653" ind2=" " ind1=" ">
      <subfield code="a">Spanish Civil War</subfield>
   </datafield>
   <datafield tag="653" ind2=" " ind1=" ">
      <subfield code="a">Bilateral relations</subfield>
   </datafield>
   <datafield tag="653" ind2=" " ind1=" ">
      <subfield code="a">International Brigades</subfield>
   </datafield>
   <datafield ind2="0" ind1="0" tag="245">
      <subfield code="a">Las relaciones bilaterales entre España y la URSS durante la Guerra Civil frente a la presión de las Brigadas Internacionales</subfield>
   </datafield>
</record></metadata></record></GetRecord></OAI-PMH>